[Event "EU-ch (Women) 15th"]
[Site "Plovdiv"]
[Date "2014.07.15"]
[Round "9"]
[White "Bulmaga, Irina"]
[Black "Dzagnidze, Nana"]
[Result "0-1"]
[WhiteElo "2357"]
[BlackElo "2541"]
[Annotator "Mikhalchishin,A"]
[PlyCount "56"]
[EventDate "2014.07.06"]
[EventType "swiss"]
[EventRounds "11"]
[EventCountry "BUL"]
[SourceTitle "CBM 162"]
[Source "ChessBase"]
[SourceDate "2014.09.17"]
[SourceVersion "1"]
[SourceVersionDate "2014.09.17"]
[SourceQuality "1"]

1. e4 e6 2. d4 d5 3. Nc3 Bb4 4. e5 c5 5. a3 Bxc3+ 6. bxc3 Ne7 7. Qg4 Qc7 8.
Qxg7 Rg8 9. Qxh7 cxd4 10. Ne2 Nbc6 11. f4 dxc3 12. h4 d4 13. Qd3 b6 {Black has
the possibility to develop the bishop differently:} (13... Bd7 14. h5 O-O-O 15.
h6 (15. Rb1 Nf5 16. h6 Rg6 17. h7 Rh8 18. Rh5 a6 19. Qh3 Qa5 20. g4 d3 21. gxf5
d2+ 22. Bxd2 cxd2+ 23. Kd1 exf5 24. Qb3 {with advantage, Horvath,A (2508)-Toth,
E (2388)/Harkany 2009}) 15... Be8 (15... Kb8 16. h7 Rh8 17. Rb1 Bc8 18. g4 b6
19. Bg2 Bb7 20. Kf2 Na5 21. Rh3 Bxg2 22. Kxg2 Nec6 23. a4 Qe7 24. Qe4 {White
obtained fantastic centralisation in Salgado Lopez,I (2555)-Alekseev,E (2725)/
Novi Sad 2009/CBM 133 (44)}) 16. Rb1 (16. h7 Rh8 17. Rh3 f6 18. exf6 Nd5 19.
Nxd4 Nxd4 20. Qxd4 Rxh7 21. Qxa7 Rxh3 22. gxh3 Bc6 {with balanced chances,
Navara,D (2718)-Petrik,T (2532)/Hustopece 2010}) 16... Ng6 17. Rh3 (17. h7 Rh8
18. Kf2) 17... Qe7 18. Ng3 f6 19. exf6 Qxf6 20. Ne4 Qe7 21. Qg3 Qf8 22. h7 Rg7
23. Ng5 {White is winning, Gdanski,J (2485)-Spiess,G (2410)/Germany 1997/
GER-chT2 (34)}) 14. h5 ({The most serious option here is to capture the pawn:} 
14. Nxd4 Nxd4 15. Qxd4 Nf5 16. Bb5+ Bd7 17. Qxd7+ Qxd7 18. Bxd7+ Kxd7 19. Rh2 (
{There are no real prospects after} 19. Kf2 Rg4 20. Be3 Rag8 21. Rag1 Nxh4 22.
g3 Nf5 {Bologan,V (2692)-Kamsky,G (2695)/Reggio Emilia 2010}) 19... Rad8 (19...
Rg4 20. h5 Rag8 21. h6 Rh8 22. Kf2 Rg6 (22... Rxh6 23. Rxh6 Nxh6 24. Kf3 Rg8
25. Be3 Kc6 26. a4 Nf5 27. Bf2 {with a very small advantage, Borosova,Z (2284)
-Berg,E (2550)/Caleta 2012}) 23. h7 Rg7 24. Be3 Rgxh7 25. Rd1+ Kc6 26. Rxh7
Rxh7 27. Rd3 Rg7 28. Rxc3+ Kd5 29. Bd2 {Black has very slight compensation for
the pawn, Svetushkin,D (2621)-Giri,A (2714)/Melilla 2011}) 20. Kf2 Kc6 21. Rh3
Rd1 22. h5 Kd5 23. Rxc3 Nh4 24. g3 Nf5 25. Rb1 {White will realise his two
extra pawns, Petr,M (2521)-Petrik,T (2534)/Czechia 2012}) 14... Bb7 15. Rg1 $6
({It is better to push the h-pawn as far as possible:} 15. h6 O-O-O 16. h7 Rh8
17. Ng3 (17. Rh3 Nd5 (17... Ng6 18. Kf2 Nf8 19. Ng3 Kb8 20. Rb1 f6 21. exf6
Rxh7 22. Rxh7 Nxh7 23. Qg6 Rf8 {with unclear play, Bernadskiy,V (2438)
-Vysochin,S (2550)/Lvov 2010}) 18. Rb1 (18. g4 $142) 18... f5 $1 19. exf6 Nxf6
20. Qg6 Rdf8 21. f5 Ne7 {Black obtained serious counterplay, Hernandez Estevez,
Y (2230)-Moreno Trujillo,A (2533)/Linares 2013}) 17... Nd5 18. Ne4 Kb8 19. Ng5
Qe7 20. Qh3 f6 21. exf6 Qxf6 22. Qh6 Qe7 23. Bd3 e5 24. Qe6 {with a big
advantage, Wang,H (2739)-Vitiugov,N (2703)/St Petersburg 2012}) 15... O-O-O 16.
Rb1 ({A slightly more logical try was} 16. g4 Kb8 17. h6 Rh8 18. g5 Nf5 19. Bg2
Nce7 {but even here White's pawns are completely blocked, Von Meijenfeldt,B 
(2154)-Maatman,N (1994)/Dieren 2011}) 16... Nd5 17. g4 f6 $1 {Destroying her
opponent's centrak pawn structure.} 18. exf6 Nxf6 19. h6 Nb8 $2 ({The transfer
of the knight to c5 immediately was very good:} 19... Nd7 20. Qh7 Qd6 21. g5
Rh8 22. Qg6 Ne7 23. Qd3 Nc5) 20. Nxd4 $1 Nc6 21. Nb5 Qe7 22. Qxc3 $6 ({
Slightly unnnecessary materialism - it was much better to support the pawns on
the kingside} 22. Qh3 Nd5 23. g5) 22... Ne4 $1 23. Nxa7+ Kc7 24. Nb5+ (24. Qh3
{was wrong:} Rd1+ 25. Kxd1 Nf2+) 24... Kb8 25. Qe3 (25. Qf3 {was no better:}
Qh4+ 26. Ke2 e5) 25... Qh4+ 26. Ke2 Rxg4 27. Qxb6 Rxg1 28. Qxg1 Qh5+ 0-1

[Event "Nalchik FIDE GP (Women)"]
[Site "Nalchik"]
[Date "2010.04.26"]
[Round "1"]
[White "Kosintseva, Tatiana"]
[Black "Hou, Yifan"]
[Result "1-0"]
[WhiteElo "2524"]
[BlackElo "2570"]
[Annotator "Mikhalchishin,A"]
[PlyCount "105"]
[EventDate "2010.04.26"]
[EventType "tourn"]
[EventRounds "11"]
[EventCountry "RUS"]
[EventCategory "10"]
[SourceTitle "CBM 136"]
[Source "ChessBase"]
[SourceDate "2010.05.18"]
[SourceVersion "1"]
[SourceVersionDate "2010.05.18"]
[SourceQuality "1"]
[BlackClock "0:19:00"]

1. e4 e6 2. d4 d5 3. Nc3 Bb4 4. e5 c5 5. a3 Bxc3+ 6. bxc3 Qc7 7. Qg4 Ne7 8.
Qxg7 Rg8 9. Qxh7 cxd4 10. Ne2 Nbc6 11. f4 dxc3 {A very complicated line - one
of the most complicated after the Botvinnik variation. In women's chess we
seldom see such openings tabiyas. They also require huge preparational work
and serious practical testing. Here White has many moves, the most popular is
13.Qd3.} (11... Bd7 12. Qd3 dxc3 13. Rb1 (13. Qxc3 O-O-O 14. Rb1 Nf5 15. Rg1 d4
16. Qd3 Na5 17. Rb4 Nc6 18. Rc4 Be8 19. g4 Nh4 20. Rg3 f6 21. exf6 Bg6 22. Rxc6
Qxc6 23. Nxd4 Qh1 24. f5 exf5 25. Bf4 Be8 26. Qc4+ Bc6 27. Qe6+ Bd7 28. Rc3+ {
1-0 Shirov,A (2732)-Ganguly,S (2637)/Edmonton CAN 2009}) 13... d4 14. Rg1 O-O-O
15. g4 Nd5 $5 (15... Be8 {— 61/292}) 16. Nxd4 $146 (16. Rg3) 16... Nxd4 (16...
Nxe5 $2 17. fxe5 Qxe5+ 18. Be2 Qxh2 19. Be3 $16) 17. Qxd4 Kb8 18. Rg3 (18. h4
$142 Bc6 19. Be2 f6 20. h5 $14) 18... Bc6 19. Qc5 (19. Qc4 $142 f6 20. exf6
Nxf6 21. g5 Nd5 22. Bg2 $14) 19... f6 $1 $11 20. exf6 Nxf6 21. Qe5 (21. Be3 b6
22. Bg2 Bxg2 23. Qxc7+ Kxc7 24. Rxg2 Nxg4 25. Rb3 Nxe3 26. Rxc3+ Kd6 27. Rxg8
Nxc2+ 28. Rxc2 Rxg8 $11) 21... Nxg4 22. Qxc7+ Kxc7 23. f5 exf5 24. Bf4+ Kc8 25.
Rxc3 Nf6 26. Rc4 Nd5 27. Rd1 Nxf4 28. Rxd8+ Kxd8 29. Rxf4 Be4 30. Bd3 {1/2
Dominguez Perez,L (2717)-Grischuk,A (2733)/Linares 105/84 2009/Inf 105/
[Dominguez Perez,L]}) 12. Nxc3 {A very interesting decision - this move was
not popular before.} ({In old games what was tried was the most logical plan
for White - to push his own h-pawn as far forwards as possible.} 12. h4 $146
Bd7 13. Rh3 O-O-O 14. Rxc3 $2 (14. Qd3 $142 $13) 14... Nf5 $44 {#EE} 15. Qh5 d4
16. Rd3 (16. Rh3 d3 $5 17. Rxd3 Ncd4 18. Nxd4 Nxd4 $44 19. Rxd4 $140 $2 Qc3+
$17) 16... Nce7 17. Bb2 Nd5 18. Rc1 (18. Bxd4 Nxf4 19. Nxf4 Nxd4 20. Rxd4 $140
$2 Qc3+ $17) 18... Bc6 19. g3 Rh8 20. Qg4 Qa5+ 21. Kf2 Nde3 22. Qh3 Qd5 $1 {
Ljubojevic,L-Beliavsky,A/Thessaloniki 1984, with a very strong initiative.}) (
12. Qd3 d4 13. h4 ({It seems very logical to take the pawn on d4} 13. Nxd4 Nxd4
14. Qxd4 Bd7 15. Rb1 Nf5 16. Qf2 Qc6 17. Rb4 Qd5 18. Rg1 Bc6 19. Rc4 O-O-O 20.
Bd3 Kb8 21. Rxc3 Qa2 22. Be3 Nxe3 23. Qxe3 Rxg2 24. Rxg2 Bxg2 25. Kf2 Bc6 26.
Be4 Bxe4 27. Qxe4 Qb1 28. Re3 Rc8 {Mamedyarov-Alekseev,EU Cup 2009. with
sufficient counterattack against the unsafe white king.}) 13... b6 (13... Bd7 {
seems to be weaker:} 14. h5 O-O-O 15. h6 Kb8 16. h7 Rh8 17. Rb1 Bc8 18. g4 b6
19. Bg2 Bb7 20. Kf2 {Salgado Lopez,I -Alekseev,E ,Novi Sad 2009 and the white
king is safe, plus the h7-pawn is doing its function.}) 14. Nxd4 Nxd4 15. Qxd4
Nf5 16. Bb5+ Bd7 17. Qxd7+ Qxd7 18. Bxd7+ Kxd7 19. Kf2 Rg4 20. Be3 Rag8 21.
Rag1 Nxh4 22. g3 Nf5 23. Rh3 Ke7 24. Kf3 Nxe3 25. Kxe3 Rd8 {Bologan,V-Kamsky,G/
Reggio Emilia 2010. With an equal rook ending.}) 12... Nxe5 $6 {It is a too
primitive reaction; a much more serious one was the active} (12... Nd4 13. Qd3
Nef5 14. Bb2 Ne3 $1 15. Rc1 $1 Ndf5 16. g3 Nxf1 17. Kxf1 Bd7 {is a position
for future excavations, but the first impression is that Black has serious
compensation for the pawn.}) 13. Nb5 Qb8 14. Be2 N5g6 (14... Nc4 {is looking
more active, but it would be dangerous to leave the king's flank without
defence.}) 15. O-O Bd7 16. Rb1 a6 17. Nd4 Qc7 18. Bd2 ({It was possible to
place the bishop differently} 18. Be3 b5 19. Bd3 {which was possible and
looked more active.}) 18... O-O-O ({People want to have a safe king, but some
French specialists would play actively} 18... b5) 19. Rb3 $5 {This move is
sooner or later necessary and some activation was possible.} (19. Bd3 Qc5 20.
Be3 Nc6 21. c3) 19... Nc6 20. Rc3 (20. c3 {is possible, but when you have
placed a rook on b3, then you can use it for a pin!}) 20... Rdf8 21. Be3 Qa5
22. Rd3 Qd8 (22... Qc7 {was slightly better.}) 23. Nxc6 Bxc6 24. Bc5 Nh4 $1 {
A powerfull counterattacking move, Black is close to equalising.} 25. Rg3 ({
The risky and weakening} 25. g4 Nf5 26. Bxf8 Qxf8 27. Qh3 d4 {would promise
the bishop on c6 a bright future.}) 25... Rh8 26. Qd3 Nf5 27. Bxf8 ({possible
was} 27. Rg5 Rfg8 28. Bd4 Rh6 {but the threat of ...f7-f6 is unpleasant.})
27... Nxg3 28. Qxg3 Qxf8 29. Qc3 Rg8 (29... Qh6 $1 {would be good try to fight
for the initiative.}) 30. Bf3 Qd6 (30... Qe7 {with the intention of coming to
h4 allowed Black to fight for an advantage.}) 31. Qb4 Kc7 $6 (31... Qxb4 32.
axb4 Kd7 33. Kf2 Bb5 34. Rc1 Rc8 35. c3 Ke7 {and Black would divide the tasks
- the king stops the h-pawn, the rook attacks the queenside.}) 32. h4 f6 {
Black decides for counterplay in the centre, but still preferable was} (32...
d4 33. Bxc6 Qxb4 34. axb4 Kxc6 {with a serious activation of Black's king.})
33. h5 e5 34. fxe5 Qxe5 $2 {A huge mistake, which is difficult to explain and
to understand. It is a typical mistake of Chinese players, who make decisions
based not on the basic chess rules, but on pure calculation.} ({It is clear
that Black's main task is to keep the strong position of the centre pawns, but
not to be nervous, because of White's connected h- and g-pawns (when they will
connect, who knows?)} 34... fxe5 35. Be2 Qxb4 36. axb4 Kd6 37. Kf2 ({The
immediate} 37. g4 {would be wrong:} Bb5 $1)) 35. Re1 $1 {Now the black king
comes under fire.} Qg3 36. Rf1 {Maybe it is just checking the opponent's
intentions to play for a draw or for a win.} (36. Re3 Kb8 37. Qd4 {would be a
more logical continuation.}) 36... Qe5 37. Qh4 Bb5 $6 {A risky attacking move.}
({Correct was} 37... Qe3+ 38. Kh1 Qg5 39. Qd4 Qe5 40. Rd1 Qxd4 41. Rxd4 Kd6 {
what would gave Black a chance to activate her king and to come very close to
equalisation.}) 38. Re1 Qf5 39. Kh1 Rg7 $6 (39... Kb8 {would be better.}) 40.
Qh2+ $1 {Now the black king starts to feel uncomfortable.} Kb6 41. Qd6+ Ka7 42.
Qc5+ b6 (42... Kb8 43. Qf8+ {Now it is clear, why it was necessary to control
the back rank.}) 43. Re7+ Rxe7 44. Qxe7+ Qd7 45. Qxd7+ Bxd7 46. Bxd5 {The
bishop ending is simply won for Kosintseva.} Bf5 47. c4 b5 48. cxb5 axb5 49.
Bg8 $1 {Supporting the promotion of her own pawn.} Kb6 50. h6 Ka5 51. h7 Bxh7
52. Bxh7 Ka4 53. Bd3 1-0

[Event "TUR-chT"]
[Site "Konya"]
[Date "2012.07.11"]
[Round "1"]
[White "Inarkiev, Ernesto"]
[Black "Shimanov, Aleksandr"]
[Result "1-0"]
[WhiteElo "2707"]
[BlackElo "2606"]
[Annotator "Miroshnichenko,E"]
[PlyCount "75"]
[EventDate "2012.07.11"]
[EventType "team-tourn"]
[EventRounds "13"]
[EventCountry "TUR"]
[SourceTitle "CBM 149 Extra"]
[Source "ChessBase"]
[SourceDate "2012.08.24"]
[SourceVersion "1"]
[SourceVersionDate "2012.08.24"]
[SourceQuality "1"]
[WhiteTeam "Istanbul Teknik Uni"]
[BlackTeam "Manisa TS Alyans"]
[WhiteTeamCountry "TUR"]
[BlackTeamCountry "TUR"]

1. e4 e6 2. d4 d5 3. Nc3 Bb4 4. e5 Ne7 5. a3 Bxc3+ 6. bxc3 c5 7. h4 $6 {
I can hardly call this move a side line, as over a thousand games were
continued like that, but still I believe the sharp} (7. Qg4 {to be White's
best option.}) 7... Nbc6 8. h5 h6 9. Qg4 Nf5 10. Bd3 O-O 11. Qh3 $5 {A new
move, which may change an evaluation of the whole line.} (11. Ne2 cxd4 12. cxd4
Qa5+ 13. Bd2 Qa4 14. Rb1 $4 Nxe5 {0-1 Nepomniachtchi,I (2729)-Savchenko,B 
(2616)/Olginka 2011.}) (11. Nf3 Qa5 12. Bd2 Qa4 13. Qf4 c4 14. Bxf5 exf5 15.
Kd1 $5 {with complicated position where White's attacking prospects look more
serious to me (Tomczak,J (2544)-Wintzer,J (2324)/Warsaw POL 2011/)}) 11... cxd4
$5 {The most principle!} (11... Qa5 12. Bd2 Qb6 13. g4 Nfe7 14. Nf3 cxd4 15.
O-O dxc3 16. Bxc3 {and White has unpleasant initiative for the pawn.}) 12. g4
Nxe5 $5 (12... Nfe7 {was worth to try -} 13. g5 $5 (13. Nf3 Qc7 14. Qg3 (14.
cxd4 Nxd4) 14... f6 15. exf6 Qxg3 16. fxg3 Rxf6 17. Nxd4 e5 18. g5 hxg5 19.
Nxc6 Nxc6 20. Bxg5 Rf3 $17) 13... Nxe5 14. gxh6 Nxd3+ 15. Qxd3 Nf5 16. hxg7
Kxg7 17. cxd4 Kh8 {and the black king looks relatively safe.}) 13. gxf5 dxc3
14. Nf3 $6 ({It is still not clear to me what was wrong with} 14. Ne2 exf5 (
14... Nxd3+ 15. Qxd3 e5 16. Rg1 $16 {and Black failed to develop in time.}) 15.
Bf4 Re8 16. Rg1 {and I believe White to have better chances.}) 14... Nxd3+ 15.
cxd3 Re8 (15... e5 $5 16. d4 exd4 17. Nxd4 Re8+ 18. Kf1 (18. Be3 Bd7 19. Rg1
Qf6 20. Rg4 Kh8 $17) 18... Qf6 19. Qxc3 Bxf5 20. Bb2 {with very complicated
position, where it seems to be easier to play with white.}) 16. Qg3 $1 Qf6 17.
Bf4 exf5+ 18. Kf1 $1 ({Of cource not} 18. Be5 $2 f4 $19) 18... Bd7 (18... d4 $5
19. Rg1 (19. Be5 f4 20. Bxf6 fxg3 21. Bxd4 Bg4 22. Ne5 Bf5 23. Bxc3 Rac8 24.
Bd4 Rcd8 25. Rh4 Rxd4 26. Rxd4 Bh3+ 27. Kg1 gxf2+ 28. Kxf2 Rxe5 {, and Black
shouldn't lose this.}) 19... Kh8 20. Kg2 $1 $16) 19. Kg2 (19. Be5 $5 f4 20.
Bxf6 fxg3 21. Bxc3 Bf5 22. Ne1 gxf2 23. Kxf2 {and it's not clear if Black has
enough compensation for the piece.}) 19... Re2 20. Be5 f4 21. Bxf6 fxg3 22.
Bxc3 gxf2 23. Nd4 Re3 24. Rad1 Bg4 25. Kxf2 Rae8 26. Rdg1 Rxd3 (26... f5 27.
Re1 Rxe1 28. Bxe1 {and White's advantage is beyond any doubt.}) 27. Rxg4 Rxc3
28. Rhg1 Kf8 29. Rxg7 Re5 $6 {The white knight is too strong on d4, so Black
should have tried to bother it with} (29... Re4 30. Rg8+ (30. Nf5 $4 Rf4+ $19)
(30. R1g4 Rxa3 31. Rg8+ Ke7 32. Nf5+ Ke6 33. Nxh6 Ra2+ 34. Kg3 Re3+ 35. Kf4
Re4+ 36. Kg3 Re3+ $11) 30... Ke7 31. Nf5+ Kd7 32. R8g3 Rc2+ 33. Kf3 Re5 34.
Nxh6 Rxh5 {with very good drawing chances.}) 30. Rg8+ Ke7 31. Rb8 (31. R1g3 $1
Rxg3 (31... Rc4 32. Re3 $1) 32. Rxg3 Rxh5 33. Rb3 b6 34. Nc6+ Kd6 35. Nxa7 {
and White's chances to win and Black's to draw are roughly even.}) 31... Rxa3
32. Rxb7+ Kf6 33. Rg4 Rxh5 $6 {It's so tempting to capture the last pawn!} (
33... Ra2+ $1 34. Kg3 Ra3+ 35. Nf3 (35. Kh4 $4 Ree3 36. Rg2 Re4+ 37. Rg4 Rxg4+
38. Kxg4 Ra4 $19) 35... Rxh5 36. Rf4+ Rf5 $11) 34. Rf4+ Ke5 35. Rbxf7 Rh2+ $4 (
35... Ra2+ $1 36. Kf3 (36. Kg3 Rg5+ 37. Kf3 Ra3+ 38. Ke2 Ra2+) 36... Rhh2 37.
R7f5+ Kd6 38. Rf6+ Kc5 39. Rc6+ Kb4 40. Ne6+ Kb5 {and the black king escapes
the danger.}) 36. Kg1 $1 {Now it's all over as Black is losing one of the
rooks.} Rb2 (36... Rha2 37. R7f5+ Kd6 38. Nb5+ $18) (36... Raa2 37. Nf3+ $18)
37. Nf3+ Kd6 38. R4f6+ {Black resigned. A game of tremendous tension!} (38.
R4f6+ Kc5 39. Rc7+ Kb4 40. Rb7+ Kc3 41. Rc6+ $18) 1-0

[Event "Petrosian Memorial Internet"]
[Site "ICC INT"]
[Date "2004.12.20"]
[Round "3"]
[White "Ni, Hua"]
[Black "Lputian, Smbat G"]
[Result "1-0"]
[WhiteElo "2611"]
[BlackElo "2634"]
[Annotator "Mueller,Karsten"]
[PlyCount "101"]
[EventDate "2004.12.18"]
[EventType "team"]
[EventRounds "6"]
[EventCountry "USA"]
[SourceTitle "CBM 105"]
[Source "ChessBase"]
[SourceDate "2005.04.11"]
[SourceVersion "1"]
[SourceVersionDate "2005.04.11"]
[SourceQuality "1"]

1. e4 e6 2. d4 d5 3. Nc3 Bb4 4. e5 c5 5. a3 Ba5 6. b4 cxd4 7. Nb5 Bc7 8. f4 Bd7
9. Nf3 Bxb5 10. Bxb5+ Nc6 11. O-O Nge7 12. Bd3 Nf5 13. Bxf5 exf5 14. Bb2 Qd7
15. Kh1 O-O 16. Nxd4 Nxd4 17. Bxd4 Rfd8 18. Rf3 Bb6 19. Rd3 Rac8 20. Bxb6 axb6
21. Qd2 Qc6 22. Rd1 Qxc2 23. Qxc2 Rxc2 24. g3 Kf8 25. Rxd5 Rxd5 26. Rxd5 Ke7
27. Rd6 Rc6 28. Rd2 Rc3 29. Kg2 Rxa3 30. Rd6 Ra6 31. b5 Ra8 32. Rxb6 Rb8 33.
Kh3 Kd7 34. Kh4 h6 35. g4 fxg4 36. Kxg4 Kc7 37. Rd6 Rd8 $2 {tauscht in ein
verlorenes Bauernendspiel ab.} (37... Re8 $2 38. b6+ Kc8 39. Kh5 Re7 40. Rd5
Re6 41. Rc5+ Kd8 42. Rc7 Re7 43. Rxe7 Kxe7 44. f5 $18) (37... Ra8 $1 38. b6+
Kc8 39. Rd4 (39. Rd5 Ra4 $1) 39... Ra2 40. Rc4+ Kd7 41. Rc7+ Ke6 {bot noch
gewisse Rettungschancen.}) 38. Rxd8 Kxd8 39. Kh5 Ke7 40. f5 b6 (40... Kd7 41.
f6 gxf6 42. exf6 Ke6 43. Kxh6 Kxf6 44. h4 Ke5 (44... Kf5 45. Kg7 $18) 45. h5 f5
46. Kg5 f4 47. h6 f3 48. h7 f2 49. h8=Q+ $18 {mit akustischem Beiklang}) 41. h3
$1 {[%mdl 4096] Weiß geht zu recht sparsam mit seinen Reservetempi um} Kf8 42.
f6 $1 {entwurzelt den Bauern h6.} Kg8 43. fxg7 Kxg7 44. h4 Kh7 45. Kg4 Kg6 46.
h5+ Kh7 47. Kf5 Kg7 48. Ke4 f6 (48... Kf8 49. Kd5 Ke7 50. Kc6 Ke6 51. Kxb6 Kxe5
52. Kc6 $18) 49. Kf5 fxe5 50. Kxe5 Kf7 51. Kd6 1-0

[Event "Corus-B"]
[Site "Wijk aan Zee"]
[Date "2005.01.17"]
[Round "3"]
[White "Nijboer, Friso"]
[Black "Nikolic, Predrag"]
[Result "0-1"]
[WhiteElo "2549"]
[BlackElo "2676"]
[Annotator "Mueller,Karsten"]
[PlyCount "154"]
[EventDate "2005.01.15"]
[EventType "tourn"]
[EventRounds "13"]
[EventCountry "NED"]
[EventCategory "13"]
[SourceTitle "CBM 105"]
[Source "ChessBase"]
[SourceDate "2005.04.11"]
[SourceVersion "1"]
[SourceVersionDate "2005.04.11"]
[SourceQuality "1"]

1. e4 e6 2. d4 d5 3. Nc3 Bb4 4. e5 c5 5. a3 Bxc3+ 6. bxc3 Ne7 7. Qg4 Kf8 8. a4
Qc7 9. Nf3 cxd4 10. Qxd4 Nbc6 11. Qc5 f6 12. exf6 gxf6 13. Be2 e5 14. Nh4 Be6
15. O-O Rg8 16. f4 e4 17. f5 Bf7 18. Bh6+ Ke8 19. a5 Kd7 20. Bf4 Ne5 21. Qe3
Rac8 22. Qxa7 Ra8 23. Bb5+ Kd6 24. Qe3 Qc5 25. Qxc5+ Kxc5 26. Rfb1 Kd6 27. Be2
Rgb8 28. g3 Be8 29. c4 d4 30. Rd1 Kc5 31. Bc1 Nxc4 32. Ng2 Nxf5 33. Rf1 Bd7 34.
g4 d3 35. cxd3 Nd4 36. Bd1 exd3 37. Be3 Nxe3 38. Nxe3 Ne2+ 39. Bxe2 dxe2 40.
Rfe1 Bb5 41. Rac1+ Kd4 42. Nf5+ Kd5 43. Ne3+ Ke4 44. Kf2 Rc8 45. Rb1 Rxa5 46.
Nf5 Ke5 47. Rxb5+ Rxb5 48. Rxe2+ Kf4 49. Nd6 Rcc5 50. Re4+ Kg5 51. Nxb5 Rxb5
52. Re7 Kxg4 53. Rxh7 Rb2+ 54. Ke3 Rb3+ 55. Ke2 f5 56. Rg7+ Kf4 57. h4 Rb2+ 58.
Kf1 Kf3 59. Kg1 f4 60. h5 Rb1+ 61. Kh2 Kf2 62. Rf7 f3 63. Kh3 b5 64. Rb7 Kg1
65. Rg7+ Kf1 66. h6 f2 67. h7 $2 {ist zu hastig.} (67. Kg3 {war vonnöten:} Rb3+
68. Kh2 Ke2 69. Rg2 Rf3 70. h7 Kd3 (70... Rf8 71. Kg3 $11) 71. h8=Q f1=Q 72.
Qe5 $11) 67... Ke2 68. Rg2 Rh1+ 69. Rh2 Rxh2+ 70. Kxh2 f1=Q 71. h8=Q Qf4+ {
Schwarz gewinnt, weil der weiße König in der Verlustzone abgeschnitten ist:}
72. Kh3 b4 ({Nach} 72... Qe3+ $4 73. Kg4 $11 {könnte der König die Remiszone
in der Nordostecke erreichen.}) 73. Qg7 Qf3+ 74. Kh2 b3 75. Qb2+ Ke1 76. Qa3 (
76. Qa1+ Qd1 77. Qf6 Qe2+ 78. Kg1 b2 79. Qc3+ Kd1 80. Qd4+ Qd2 81. Qa4+ Kc1 82.
Qc4+ Qc2 83. Qf4+ Kb1 84. Qd4 Qc1+ 85. Kf2 Qc6 86. Kg1 Qf3 87. Qd2 Qg4+ 88. Kh2
Qe4 89. Kh3 Ka2 90. Qa5+ Kb3 91. Qb6+ Kc2 92. Qc5+ Kd1 93. Qh5+ Ke1 94. Qa5+
Kf2 95. Qa2 Qe2 96. Kh4 Kf1 97. Kg3 Qd3+ $19) 76... Qc3 77. Qe7+ Kd1 0-1

[Event "EU-ch 6th"]
[Site "Warsaw"]
[Date "2005.06.29"]
[Round "11"]
[White "L'Ami, Erwin"]
[Black "Luch, Michal"]
[Result "1-0"]
[WhiteElo "2515"]
[BlackElo "2417"]
[Annotator "Mueller,Karsten"]
[PlyCount "105"]
[EventDate "2005.06.18"]
[EventType "swiss"]
[EventRounds "13"]
[EventCountry "POL"]
[SourceTitle "CBM 108"]
[Source "ChessBase"]
[SourceDate "2005.09.26"]
[SourceVersion "1"]
[SourceVersionDate "2005.09.26"]
[SourceQuality "1"]

1. e4 e6 2. d4 d5 3. Nc3 Bb4 4. e5 c5 5. a3 Bxc3+ 6. bxc3 Qa5 7. Bd2 Qa4 8. Qb1
c4 9. h4 f6 10. Nf3 Nc6 11. h5 fxe5 12. Nxe5 Nxe5 13. dxe5 Ne7 14. Be2 b6 15.
O-O h6 16. Be3 Nf5 17. Bd4 O-O 18. g3 Ba6 19. Rd1 Rf7 20. Kg2 Bb7 21. Ra2 Raf8
22. Rf1 Qd7 23. a4 Qd8 24. Qc1 Bc6 25. Qd2 Qe7 26. Bg4 Qd7 27. a5 b5 28. a6 Rb8
29. Bxf5 exf5 30. f4 Qe6 31. Kf2 Re8 32. Qe3 Qd7 33. Ke2 Kh7 34. Raa1 Kg8 35.
Rf2 Kh8 36. Kd2 Ree7 37. Raf1 b4 38. g4 b3 39. g5 Re6 40. Rg2 bxc2 41. Rfg1 Qc8
42. gxh6 $1 {und der Angriff wird unwiderstehlich:} Rxh6 (42... Qxa6 43. Rxg7
c1=Q+ 44. Rxc1 Qb7 45. Rg6 Bd7 46. Qg1 $18) (42... gxh6 43. Rg6 $18) 43. e6 $1
{Öffnet die Schleusen.} Qxe6 44. Qxe6 Rxe6 45. Rxg7 Rxg7 46. Rxg7 {Gegen diese
Batterie ist kein Kraut gewachsen.} Rh6 47. Kxc2 Ba4+ 48. Kc1 Bb3 49. Kb2 Bd1
50. Rxa7+ Kg8 51. Rg7+ Kf8 52. a7 Ra6 53. h6 1-0